<?xml version="1.0" encoding="UTF-8"?><?xml-stylesheet type="text/xsl" href="static/style.xsl"?><OAI-PMH xmlns="http://www.openarchives.org/OAI/2.0/" xmlns:xsi="http://www.w3.org/2001/XMLSchema-instance" xsi:schemaLocation="http://www.openarchives.org/OAI/2.0/ http://www.openarchives.org/OAI/2.0/OAI-PMH.xsd"><responseDate>2026-05-01T13:12:00Z</responseDate><request verb="GetRecord" identifier="oai:riubu.ubu.es:10259/6330" metadataPrefix="marc">https://riubu.ubu.es/oai/request</request><GetRecord><record><header><identifier>oai:riubu.ubu.es:10259/6330</identifier><datestamp>2024-05-10T11:37:52Z</datestamp><setSpec>com_10259_3830</setSpec><setSpec>com_10259_5086</setSpec><setSpec>com_10259_2604</setSpec><setSpec>col_10259_3832</setSpec></header><metadata><record xmlns="http://www.loc.gov/MARC21/slim" xmlns:doc="http://www.lyncode.com/xoai" xmlns:xsi="http://www.w3.org/2001/XMLSchema-instance" xmlns:dcterms="http://purl.org/dc/terms/" xsi:schemaLocation="http://www.loc.gov/MARC21/slim http://www.loc.gov/standards/marcxml/schema/MARC21slim.xsd">
<leader>00925njm 22002777a 4500</leader>
<datafield tag="042" ind1=" " ind2=" ">
<subfield code="a">dc</subfield>
</datafield>
<datafield tag="720" ind1=" " ind2=" ">
<subfield code="a">Izquierdo, Segismundo S.</subfield>
<subfield code="e">author</subfield>
</datafield>
<datafield tag="720" ind1=" " ind2=" ">
<subfield code="a">Izquierdo Millán, Luis Rodrigo</subfield>
<subfield code="e">author</subfield>
</datafield>
<datafield tag="720" ind1=" " ind2=" ">
<subfield code="a">Galán Ordax, José Manuel</subfield>
<subfield code="e">author</subfield>
</datafield>
<datafield tag="720" ind1=" " ind2=" ">
<subfield code="a">Santos Martín, José Ignacio</subfield>
<subfield code="e">author</subfield>
</datafield>
<datafield tag="260" ind1=" " ind2=" ">
<subfield code="c">2016-12</subfield>
</datafield>
<datafield tag="520" ind1=" " ind2=" ">
<subfield code="a">La economía artificial es uno de los métodos o enfoques de investigación para el estudio de sistemas socioeconómicos complejos con mayor crecimiento durante los últimos años. Este artículo presenta una visión crítica sobre sus características, su potencial y los riesgos relativos al uso de esta metodología. Para ello, encontramos útil relacionar y comparar a la economía artificial con la economía teórica más tradicional. Desde nuestro análisis, la economía teórica y la economía artificial comparten los mismos objetivos, presentan menos diferencias metodológicas de las que a primera vista pudiera parecer, y sus aproximaciones son sin duda complementarias.</subfield>
</datafield>
<datafield tag="520" ind1=" " ind2=" ">
<subfield code="a">Artificial Economics is one of the fastest growing approaches to analyse complex socio-economic systems. In this paper we present our views on the distinguishing features of Artificial Economics and on its relation with Theoretical Economics — the field that in our opinion lies closest to Artificial Economics. In this context, we discuss various reasons why conducting research on Artificial Economics may be worthwhile, and provide general guidelines on how to go about it. Our view is that Artificial Economics and Theoretical Economics share the same goals, do not differ conceptually as much as it is sometimes perceived, and their approaches are certainly complementary.</subfield>
</datafield>
<datafield tag="024" ind2=" " ind1="8">
<subfield code="a">1886-516X</subfield>
</datafield>
<datafield tag="024" ind2=" " ind1="8">
<subfield code="a">http://hdl.handle.net/10259/6330</subfield>
</datafield>
<datafield ind1=" " ind2=" " tag="653">
<subfield code="a">Economía artificial</subfield>
</datafield>
<datafield ind1=" " ind2=" " tag="653">
<subfield code="a">Economía computacional</subfield>
</datafield>
<datafield ind1=" " ind2=" " tag="653">
<subfield code="a">Economía computacional basada en agentes</subfield>
</datafield>
<datafield ind1=" " ind2=" " tag="653">
<subfield code="a">Artificial economics</subfield>
</datafield>
<datafield ind1=" " ind2=" " tag="653">
<subfield code="a">Computational economics</subfield>
</datafield>
<datafield ind1=" " ind2=" " tag="653">
<subfield code="a">Agent-based computational economics</subfield>
</datafield>
<datafield tag="245" ind1="0" ind2="0">
<subfield code="a">Economía artificial: una valoración crítica</subfield>
</datafield>
</record></metadata></record></GetRecord></OAI-PMH>